Le vite delle dame Galanti
Guardat en:
| Autor principal: | |
|---|---|
| Format: | Llibre |
| Idioma: | anglès |
| Etiquetes: |
Sense etiquetes, Sigues el primer a etiquetar aquest registre!
|
MARC
| LEADER | 00000nam a2200000 4500 | ||
|---|---|---|---|
| 001 | CDOM0000001939 | ||
| 003 | mi | ||
| 005 | 20250719223527.0 | ||
| 008 | 250719b |||||||| |||| 00| 0 eng d | ||
| 040 | |c mi | ||
| 100 | |a Brantôme, Pierre : de Bourdeille | ||
| 245 | 1 | |a Le vite delle dame Galanti | |
| 942 | |2 ddc |c BK | ||
| 952 | |0 0 |1 0 |2 ddc |4 0 |7 1 |9 8509 |a MI |b MI |d 1987-12-19 |i 731 |l 0 |p CDOM731 |r 2025-07-17 21:50:00 |w 2025-07-17 |x ACQUISTO |y BK | ||
| 999 | |c 7089 |d 7089 | ||